• 首页
  • 本馆介绍
  • 公告通知
  • 最新文献
  • 馆藏检索
  • 电子资源
  • 读者导购
  • 参考咨询
  • 我的图书馆
  • 登录
  • 详细信息显示
  • 放入我的书架
  • 预约/预借图书
  • 作者相关作品
  • 分类相关作品
  • 丛书相关作品
  • 出版社相关作品

书目信息

  • 表格格式
  • 工作单格式
  • 卡片格式
题名:
全国监理工程师执业资格考试全真模拟试题
    
 
作者: 本书编写组编
分册:  
出版信息: 天津   天津大学出版社  2005.02
页数: 337页
开本: 26cm
丛书名:
单 册:
中图分类: TU712-44
科图分类:
主题词: 建筑工程--施工管理
电子资源:
ISBN: 7-5618-1888-2
000 00669nam0 2200205 450
001 0837891048
005 20080105103208.41
010    @a7-5618-1888-2@dCNY50.00
100    @a20080105d2005 km y0chiy0120 ea
101 0  @achi
102    @aCN@b120000
200 1  @a全国监理工程师执业资格考试全真模拟试题@Aquan guo jian li gong cheng shi zhi ye zi ge kao shi quan zhen mo ni shi ti@f本书编写组编@Fben shu bian xie zu bian
205    @a2版
210    @a天津@c天津大学出版社@d2005.02
215    @a337页@d26cm
606 0  @a建筑工程@x施工管理
690    @aTU712-44@v4
801  0 @aCN@b大连网信软件有限公司图书馆@c20080105
905    @aBZT@dTU712-44@e1
906    @dCNY50.00@n0@r1
    
    全国监理工程师执业资格考试全真模拟试题/本书编写组编.-2版.-天津:天津大学出版社,2005.02
    337页;26cm
    
    
    ISBN 7-5618-1888-2:CNY50.00
    
●
相关链接 在五车中查询图书 在当当中查询图书 在豆瓣中查询图书


正题名:全国监理工程师执业资格考试全真模拟试题     索取号:TU712-44/1         预约/预借

序号 登录号 条形码 馆藏地/架位号 状态 备注
1 618215   2000618215   中心书库中库/ 中库022架B面6列4层49/ [索取号:TU712-44/1] 在馆    
2 618216   2000618216   中心书库中库/ 中库022架B面6列4层55/ [索取号:TU712-44/1] 在馆    
3 618217   2000618217   中心书库中库/ 中库022架B面6列4层46/ [索取号:TU712-44/1] 在馆    
4 618218   2000618218   中心书库中库/ 中库022架B面6列4层47/ [索取号:TU712-44/1] 在馆    
5 618219   2000618219   中心书库中库/ 中库022架B面6列4层48/ [索取号:TU712-44/1] 在馆    
6 618220   2000618220   中心书库中库/ 中库022架B面6列4层50/ [索取号:TU712-44/1] 在馆    
7 618221   2000618221   中心书库中库/ 中库022架B面6列4层53/ [索取号:TU712-44/1] 在馆    
8 618222   2000618222   中心书库中库/ 中库022架B面6列4层51/ [索取号:TU712-44/1] 在馆    
9 618223   2000618223   中心书库中库/ 中库022架B面6列4层54/ [索取号:TU712-44/1] 在馆    
10 618224   2000618224   中心书库中库/ 中库022架B面6列4层52/ [索取号:TU712-44/1] 在馆    
山东省滨州职业学院图书馆 欢迎您!
大连网信软件有限公司© 版权所有